000 00242 a2200097 4500
000 nam a22 7a 4500
020 _a9780241471227
100 _aKindersley, Dorling
245 _aSimply quantum physics
260 _bPenguin Random House,
_c2021.
999 _c85455
_d85455